| 000 | nam a22 a 4500 | ||
|---|---|---|---|
| 999 |
_c251 _d251 |
||
| 003 | AKMAL | ||
| 005 | 20170428085641.0 | ||
| 008 | 170428s2004 my a g | f000 0 may d | ||
| 020 | _a9833109055 | ||
| 040 | _aAKMAL | ||
| 082 | 0 | 4 | _a658.402 ALA |
| 090 | 0 | 0 |
_a658.402 _bALA |
| 100 | 0 |
_aAlauddin Sidal _9556 |
|
| 245 | 1 | 0 |
_aKerja berpasukan dalam organisasi / _cAlauddin Sidal |
| 260 |
_aKuala Lumpur : _bInstitut Tadbiran Awam Negara, _c2004 |
||
| 300 |
_aviii, 152ms. : _bil. ; _c21cm. |
||
| 650 | 1 | 0 |
_aTeams in the workplace _9557 |
| 650 | 2 | 0 |
_aOrganization _xManagement _9558 |
| 650 | 2 | 0 |
_aMotivation (Psychology) _9559 |
| 942 |
_2ddc _cBOOK |
||
| 950 | _lAKMAL | ||